| 000 | 00685nam a2200229Ia 4500 | ||
|---|---|---|---|
| 005 | 20260429112008.0 | ||
| 008 | 260429s9999||||xx |||||||||||||| ||und|| | ||
| 020 | _a9781642675290 | ||
| 041 | _aEnglish | ||
| 082 |
_a378.198 _bRUE |
||
| 100 | _aRueda, Eréndira | ||
| 245 | 0 |
_aAcademic belonging in higher education : _bfostering student connection, competence, and confidence / _cEréndira Rueda |
|
| 250 | _a1st ed. | ||
| 260 |
_aNew Delhi : _bRoutledge, _c2024. |
||
| 300 | _axiii, 223 p.; pbk | ||
| 650 | _a Academic success | ||
| 650 | _a Belongingness | ||
| 650 | _a Higher education | ||
| 650 | _aStudent engagement | ||
| 700 | _a Lowe Swift, Candice | ||
| 942 | _cTB | ||
| 999 |
_c51804 _d51804 |
||